000 00314nam a2200109 4500
999 _c15243
_d15243
008 200306b ||||| |||| 00| 0 eng d
245 _aUSEP-CBA empowers womens, children.
260 _aDavao City, Philippines,
_bSunstar Davao,
_c©2019.
300 _apage 7;
_c29.5cm.
650 _aWomen.
_942044
942 _2ddc
_cPER